Statistics for All Songs in Les Miserables

Click here to take the quiz!

General Stats

  • This quiz has been taken 63 times
  • The average score is 18 of 29

Answer Stats

Sung ByAnswer% Correct
Young CosetteCastle on a Cloud
95%
FantineI Dreamed a Dream
92%
Monsieur and Madame ThenadierMaster of the House
92%
StudentsLook Down
89%
EnsembleOne Day More
89%
EponineOn My Own
87%
Marius, Cosette and EponineA Heart Full of Love
84%
Ladies of the NightLovely Ladies
84%
JavertStars
84%
EnsembleDo You Hear the People Sing?
82%
ValjeanBring Him Home
79%
WorkersAt the End of the Day
76%
StudentsRed & Black
76%
Eponine and MariusA Little Fall of Rain
74%
MariusEmpty Chairs at Empty Tables
71%
JavertJavert's Suicide
63%
ValjeanWho Am I?
61%
Marius and EponineIn My Life
55%
EnsembleDrink With Me
53%
Women of ParisTurning
50%
Valjean and JavertConfrontation
45%
PrisonersWork Song
37%
FantineCome to Me
34%
Monsieur and Madame ThenadierBeggars at the Feast
32%
Valjean, Fantine, Cosette, Marius and EnsembleFinale
26%
ValjeanWhat Have I Done?
26%
Thenadier and EponineAttack on Rue Plumet
18%
Valjean and BishopValjean arrested/Vajean forgiven
18%
ThenadierDog Eat Dog
11%

Score Distribution

Percentile by Number Answered

Percent of People with Each Score

Your Score History

You have not taken this quiz